| 000 | 00872nam a2200265Ia 4500 | ||
|---|---|---|---|
| 005 | 20241107104059.0 | ||
| 008 | 210716s1991 xx 000 0 und d | ||
| 020 | _a876926960 | ||
| 040 | _cAIMIT LIBRARY | ||
| 041 | _aeng | ||
| 082 |
_a005.73 _21 _bTENA |
||
| 100 |
_aTenenbaum, Aaron M. _945257 |
||
| 245 |
_aData structures using c / _cBy Aaron M. Tenenbaum, Yedidyah Langsam and Moshe J. Augenstein. |
||
| 250 | _a1st ed. | ||
| 260 |
_aNew Delhi : _bPrentice Hall of India , _c1991 . |
||
| 300 |
_ax, 662p. ; _c23.5 cm. |
||
| 650 |
_aGraphs and their applications _945258 |
||
| 650 |
_aQueues and lists _945268 |
||
| 650 |
_aSorting _9184425 |
||
| 650 |
_aGraphs and their applications _9184426 |
||
| 650 |
_aStorage management _9184427 |
||
| 700 |
_aLangsam, Yedidyah. _945269 |
||
| 700 |
_aAugenstein, Moshe J. _945270 |
||
| 942 |
_2ddc _cBK _e1st _k005.73 TENA |
||
| 999 |
_c182070 _d182070 |
||